[Event "Russian Higher League 2021"]
[Site "?"]
[Date "2021.07.04"]
[Round "8.11"]
[White "Zakhartsov, Vladimir"]
[Black "Kobalia, Mikhail"]
[Result "1/2-1/2"]
[WhiteElo "2506"]
[BlackElo "2596"]
[Annotator ""]
[Source ""]
[Remark ""]

1.d4 {[%clk 1:30:57]} d5 {[%clk 1:30:53]} 2.c4 {[%clk 1:31:22]}
c6 {[%clk 1:31:07]} 3.Nc3 {[%clk 1:31:44]} Nf6 {[%clk 1:29:33]}
4.Nf3 {[%clk 1:32:07]} e6 {[%clk 1:29:44]} 5.cxd5 {[%clk 1:32:29]}
exd5 {[%clk 1:30:09]} 6.Qc2 {[%clk 1:32:55]} Be7 {[%clk 1:28:43]}
7.Bg5 {[%clk 1:33:19]} Nbd7 {[%clk 1:28:01]} 8.e3 {[%clk 1:33:35]}
h6 {[%clk 1:27:48]} 9.Bh4 {[%clk 1:33:00]} O-O {[%clk 1:28:05]}
10.Bd3 {[%clk 1:33:15]} Re8 {[%clk 1:28:26]} 11.O-O {[%clk 1:33:26]}
Ne4 {[%clk 1:28:44]} 12.Bxe7 {[%clk 1:33:02]} Qxe7 {[%clk 1:28:34]}
13.Rae1 {[%clk 1:29:54]} Ndf6 {[%clk 1:25:19]} 14.Ne5 {[%clk 1:29:03]}
Bf5 {[%clk 1:25:09]} 15.f3 {[%clk 1:26:12]} Nxc3 {[%clk 1:25:02]}
16.bxc3 {[%clk 1:26:32]} Bxd3 {[%clk 1:25:21]} 17.Nxd3 {[%clk 1:26:54]}
Qd6 {[%clk 1:22:28]} 18.Kh1 {[%clk 0:52:50]} Re7 {[%clk 1:22:23]}
19.Re2 {[%clk 0:49:48]} b6 {[%clk 1:14:51]} 20.Rfe1 {[%clk 0:48:16]}
Rae8 {[%clk 1:14:58]} 21.c4 {[%clk 0:48:22]} dxc4 {[%clk 1:11:37]}
22.Qxc4 {[%clk 0:48:41]} Rd8 {[%clk 1:11:37]} 23.Rd1 {[%clk 0:42:23]}
c5 {[%clk 1:03:44]} 24.dxc5 {[%clk 0:41:10]} Qxc5 {[%clk 1:02:59]}
25.Qxc5 {[%clk 0:41:34]} bxc5 {[%clk 1:03:26]} 26.Nb2 {[%clk 0:41:59]}
Rxd1+ {[%clk 1:03:41]} 27.Nxd1 {[%clk 0:42:27]} Rd7 {[%clk 1:02:07]}
28.Nb2 {[%clk 0:41:25]} c4 {[%clk 1:02:18]} 29.Rc2 {[%clk 0:41:20]}
Nd5 {[%clk 1:01:24]} 30.Nxc4 {[%clk 0:35:54]} Nb4 {[%clk 0:55:50]}
31.Rc1 {[%clk 0:36:19]} Nxa2 {[%clk 0:54:51]} 32.Ra1 {[%clk 0:36:38]}
Nc3 {[%clk 0:54:19]} 33.Kg1 {[%clk 0:37:01]} Rd1+ {[%clk 0:54:40]}
34.Rxd1 {[%clk 0:37:25]} Nxd1 {[%clk 0:55:08]} 35.Kf1 {[%clk 0:37:47]}
Nc3 {[%clk 0:55:34]} 36.Ke1 {[%clk 0:37:52]} Nb5 {[%clk 0:53:16]}
37.Kd2 {[%clk 0:38:02]} Kf8 {[%clk 0:52:49]} 38.Kd3 {[%clk 0:37:04]}
Ke7 {[%clk 0:52:55]} 39.e4 {[%clk 0:37:18]} f6 {[%clk 0:47:02]}
40.Ne3 {[%clk 1:07:03]} Nd6 {[%clk 1:14:40]} 41.Kd4 {[%clk 1:06:42]}
Ke6 {[%clk 1:13:14]} 42.Nd5 {[%clk 1:05:57]} a5 {[%clk 0:54:10]}
43.Nf4+ {[%clk 1:05:30]} Kd7 {[%clk 0:53:09]} 44.Nh5 {[%clk 1:02:41]}
Ne8 {[%clk 0:53:17]} 45.Kc5 {[%clk 1:02:43]} g6 {[%clk 0:49:22]}
46.Nf4 {[%clk 1:02:58]} g5 {[%clk 0:49:47]} 47.Nd3 {[%clk 0:59:40]}
Nd6 {[%clk 0:40:52]} 48.Kd5 {[%clk 0:57:15]} Ke7 {[%clk 0:38:16]}
49.Nc5 {[%clk 0:55:41]} Nf7 {[%clk 0:28:56]} 50.Kc4 {[%clk 0:50:38]}
Ne5+ {[%clk 0:27:00]} 51.Kb5 {[%clk 0:50:35]} Ng6 {[%clk 0:27:27]}
52.Nd3 {[%clk 0:46:14]} Nh4 {[%clk 0:27:22]} 53.Ne1 {[%clk 0:46:39]}
Kd6 {[%clk 0:27:46]} 54.g3 {[%clk 0:45:13]} Ng6 {[%clk 0:27:47]}
55.Nc2 {[%clk 0:45:15]} h5 {[%clk 0:11:14]} 56.Ne3 {[%clk 0:44:19]}
Ne5 {[%clk 0:10:11]} 57.Nf5+ {[%clk 0:44:26]} Kd7 {[%clk 0:10:14]}
58.Nd4 {[%clk 0:44:10]} g4 {[%clk 0:10:23]} 59.f4 {[%clk 0:24:55]}
Nf3 {[%clk 0:10:28]} 60.Nf5 {[%clk 0:25:18]} Nxh2 {[%clk 0:08:51]}
61.Kxa5 {[%clk 0:24:20]} Nf1 {[%clk 0:07:03]} 62.Kb4 {[%clk 0:24:16]}
Nd2 {[%clk 0:07:08]} 63.e5 {[%clk 0:24:40]} fxe5 {[%clk 0:02:07]}
64.fxe5 {[%clk 0:25:06]} Nf1 {[%clk 0:02:09]} 65.Kc3 {[%clk 0:23:55]}
Ke6 {[%clk 0:02:02]} 66.Ng7+ {[%clk 0:24:21]} Kxe5 {[%clk 0:02:21]}
67.Nxh5 {[%clk 0:24:48]} Kf5 {[%clk 0:02:33]} 68.Kd3 {[%clk 0:25:05]}
Kg5 {[%clk 0:03:00]} 69.Ke2 {[%clk 0:25:20]} 1/2-1/2

[Event "Russian Higher League 2021"]
[Site "?"]
[Date "2021.07.04"]
[Round "8.12"]
[White "Nesterov, Arseniy"]
[Black "Iljiushenok, Ilia"]
[Result "0-1"]
[WhiteElo "2479"]
[BlackElo "2530"]
[Annotator ""]
[Source ""]
[Remark ""]

1.d4 {[%clk 1:30:55]} Nf6 {[%clk 1:26:23]} 2.c4 {[%clk 1:31:19]}
e6 {[%clk 1:26:51]} 3.Nc3 {[%clk 1:29:58]} Bb4 {[%clk 1:27:09]}
4.e3 {[%clk 1:30:20]} O-O {[%clk 1:27:27]} 5.Bd2 {[%clk 1:30:12]}
b6 {[%clk 1:25:54]} 6.Bd3 {[%clk 1:30:03]} Bb7 {[%clk 1:24:43]}
7.Nf3 {[%clk 1:29:55]} d5 {[%clk 1:23:31]} 8.O-O {[%clk 1:11:45]}
dxc4 {[%clk 1:22:48]} 9.Bxc4 {[%clk 1:12:12]} Nbd7 {[%clk 1:11:47]}
10.Qe2 {[%clk 1:00:11]} Qe7 {[%clk 1:05:25]} 11.Ba6 {[%clk 0:57:58]}
Bxa6 {[%clk 1:01:57]} 12.Qxa6 {[%clk 0:58:20]} e5 {[%clk 0:53:06]}
13.Qc4 {[%clk 0:47:52]} Bd6 {[%clk 0:50:48]} 14.e4 {[%clk 0:30:54]}
exd4 {[%clk 0:48:06]} 15.Nxd4 {[%clk 0:26:57]} Nxe4 {[%clk 0:47:11]}
16.Nc6 {[%clk 0:24:16]} Bxh2+ {[%clk 0:44:14]} 17.Kxh2 {[%clk 0:24:34]}
Qd6+ {[%clk 0:44:41]} 18.Bf4 {[%clk 0:25:00]} Qxf4+ {[%clk 0:45:07]}
19.g3 {[%clk 0:25:27]} Qh6+ {[%clk 0:44:15]} 20.Kg2 {[%clk 0:25:51]}
Nd2 {[%clk 0:43:36]} 21.Ne7+ {[%clk 0:19:15]} Kh8 {[%clk 0:42:44]}
22.Qxc7 {[%clk 0:16:50]} Nxf1 {[%clk 0:42:40]} 23.Rxf1 {[%clk 0:16:23]}
Qe6 {[%clk 0:41:46]} 24.Ncd5 {[%clk 0:16:19]} Rae8 {[%clk 0:39:50]}
25.Rd1 {[%clk 0:15:55]} Qe4+ {[%clk 0:39:08]} 26.Kg1 {[%clk 0:13:46]}
Ne5 {[%clk 0:39:02]} 27.Qxa7 {[%clk 0:12:32]} Nf3+ {[%clk 0:33:43]}
28.Kf1 {[%clk 0:13:01]} Nd4 {[%clk 0:28:26]} 29.Kg1 {[%clk 0:13:07]}
Ne2+ {[%clk 0:28:24]} 30.Kh2 {[%clk 0:13:18]} Qf3 {[%clk 0:28:45]}
31.Qxb6 {[%clk 0:12:45]} Nxg3 {[%clk 0:29:07]} 32.Rc1 {[%clk 0:04:34]}
Ne2 {[%clk 0:26:58]} 33.Rc4 {[%clk 0:03:24]} Rxe7 {[%clk 0:27:17]}
34.Nxe7 {[%clk 0:03:53]} Nf4 {[%clk 0:27:32]} 0-1

[Event "Russian Higher League 2021"]
[Site "?"]
[Date "2021.07.04"]
[Round "8.14"]
[White "Kezin, Roman"]
[Black "Yuffa, Daniil"]
[Result "1/2-1/2"]
[WhiteElo "2486"]
[BlackElo "2578"]
[Annotator ""]
[Source ""]
[Remark ""]

1.d4 {[%clk 1:30:49]} Nf6 {[%clk 1:30:02]} 2.c4 {[%clk 1:31:13]}
e6 {[%clk 1:30:17]} 3.Nf3 {[%clk 1:30:25]} Bb4+ {[%clk 1:30:39]}
4.Bd2 {[%clk 1:30:39]} Qe7 {[%clk 1:31:03]} 5.g3 {[%clk 1:30:41]}
Bxd2+ {[%clk 1:31:26]} 6.Qxd2 {[%clk 1:31:03]} Nc6 {[%clk 1:31:52]}
7.Nc3 {[%clk 1:28:15]} d5 {[%clk 1:32:13]} 8.Ne5 {[%clk 1:27:30]}
dxc4 {[%clk 1:31:48]} 9.Nxc4 {[%clk 1:25:20]} O-O {[%clk 1:31:35]}
10.Bg2 {[%clk 1:25:46]} Rd8 {[%clk 1:31:18]} 11.Bxc6 {[%clk 1:20:56]}
bxc6 {[%clk 1:31:44]} 12.Na5 {[%clk 1:14:51]} Qb4 {[%clk 1:18:12]}
13.Ne4 {[%clk 0:35:07]} Rxd4 {[%clk 1:15:23]} 14.Qxb4 {[%clk 0:25:26]}
Rxb4 {[%clk 1:15:03]} 15.Nc5 {[%clk 0:25:54]} e5 {[%clk 0:42:29]}
16.a3 {[%clk 0:04:17]} Rb5 {[%clk 0:42:44]} 17.b4 {[%clk 0:04:41]}
Bh3 {[%clk 0:42:43]} 18.Rd1 {[%clk 0:00:38]} Bg2 {[%clk 0:37:33]}
19.Rg1 {[%clk 0:01:06]} Bd5 {[%clk 0:37:56]} 20.f3 {[%clk 0:01:32]}
e4 {[%clk 0:38:13]} 21.Kf2 {[%clk 0:01:59]} Re8 {[%clk 0:36:37]}
22.Rd4 {[%clk 0:02:27]} h5 {[%clk 0:35:15]} 23.Rc1 {[%clk 0:02:51]}
exf3 {[%clk 0:27:05]} 24.exf3 {[%clk 0:03:19]} Rb6 {[%clk 0:16:14]}
25.Na4 {[%clk 0:02:36]} Ra6 {[%clk 0:16:16]} 26.h4 {[%clk 0:01:31]}
Nd7 {[%clk 0:15:32]} 27.Nc3 {[%clk 0:01:47]} Be6 {[%clk 0:14:27]}
28.Ne4 {[%clk 0:02:15]} Bd5 {[%clk 0:14:35]} 29.Nc3 {[%clk 0:01:55]}
Be6 {[%clk 0:14:33]} 30.Ne4 {[%clk 0:00:34]} Bd5 {[%clk 0:14:57]}
31.Nc3 {[%clk 0:00:31]} Be6 32.Re1 1/2-1/2

[Event "Russian Higher League 2021"]
[Site "?"]
[Date "2021.07.04"]
[Round "8.15"]
[White "Rozum, Ivan"]
[Black "Pogosyan, Stefan"]
[Result "0-1"]
[WhiteElo "2549"]
[BlackElo "2413"]
[Annotator ""]
[Source ""]
[Remark ""]

1.Nf3 {[%clk 1:30:56]} Nf6 {[%clk 1:26:56]} 2.g3 {[%clk 1:31:13]}
d5 {[%clk 1:27:16]} 3.Bg2 {[%clk 1:31:36]} c6 {[%clk 1:27:33]}
4.O-O {[%clk 1:31:53]} Bf5 {[%clk 1:25:07]} 5.c4 {[%clk 1:32:05]}
e6 {[%clk 1:24:58]} 6.d3 {[%clk 1:31:17]} h6 {[%clk 1:22:17]}
7.cxd5 {[%clk 1:28:51]} cxd5 {[%clk 1:22:16]} 8.Qb3 {[%clk 1:28:22]}
Qb6 {[%clk 1:22:24]} 9.Qxb6 {[%clk 1:28:39]} axb6 {[%clk 1:22:46]}
10.Nc3 {[%clk 1:28:52]} Nc6 {[%clk 1:20:48]} 11.Bd2 {[%clk 1:22:13]}
Bc5 {[%clk 1:12:30]} 12.a3 {[%clk 1:21:00]} O-O {[%clk 1:07:33]}
13.b4 {[%clk 1:15:05]} Be7 {[%clk 1:07:49]} 14.Rfc1 {[%clk 1:11:36]}
Rfc8 {[%clk 1:07:22]} 15.Nb5 {[%clk 1:06:26]} Nd7 {[%clk 1:05:54]}
16.Bc3 {[%clk 1:04:53]} e5 {[%clk 0:59:32]} 17.e4 {[%clk 1:02:12]}
dxe4 {[%clk 0:55:52]} 18.dxe4 {[%clk 1:02:03]} Be6 {[%clk 0:53:30]}
19.Bb2 {[%clk 0:59:28]} Kf8 {[%clk 0:46:24]} 20.h4 {[%clk 0:56:30]}
g5 {[%clk 0:37:33]} 21.hxg5 {[%clk 0:41:26]} hxg5 {[%clk 0:37:52]}
22.Nd2 {[%clk 0:38:28]} g4 {[%clk 0:29:37]} 23.Nf1 {[%clk 0:30:25]}
Bg5 {[%clk 0:27:16]} 24.Rc3 {[%clk 0:30:42]} Ke7 {[%clk 0:23:47]}
25.Rd1 {[%clk 0:27:42]} Nf6 {[%clk 0:20:27]} 26.Ne3 {[%clk 0:24:03]}
Bxe3 {[%clk 0:20:41]} 27.Rxe3 {[%clk 0:24:24]} Rd8 {[%clk 0:21:04]}
28.Rc1 {[%clk 0:21:17]} Rd2 {[%clk 0:19:22]} 29.Nc7 {[%clk 0:17:47]}
Rad8 {[%clk 0:18:10]} 30.Bc3 {[%clk 0:16:30]} Ra2 {[%clk 0:16:19]}
31.Nxe6 {[%clk 0:12:40]} fxe6 {[%clk 0:15:23]} 32.Kf1 {[%clk 0:11:30]}
Nd4 {[%clk 0:14:47]} 33.Rd1 {[%clk 0:08:14]} Nc2 {[%clk 0:11:00]}
34.Red3 {[%clk 0:08:34]} Rxd3 {[%clk 0:11:25]} 35.Rxd3 {[%clk 0:09:01]}
Rxa3 {[%clk 0:11:49]} 36.Ke2 {[%clk 0:08:53]} Nd7 {[%clk 0:11:34]}
37.Kd2 {[%clk 0:03:59]} Ra2 {[%clk 0:09:53]} 38.Kc1 {[%clk 0:04:13]}
Nd4 {[%clk 0:09:13]} 39.Bb2 {[%clk 0:04:32]} Ra4 {[%clk 0:04:05]}
40.Bxd4 {[%clk 0:32:18]} exd4 {[%clk 0:34:28]} 41.Rxd4 {[%clk 0:32:45]}
Ra1+ {[%clk 0:34:39]} 42.Kd2 {[%clk 0:30:40]} Rg1 {[%clk 0:35:01]}
43.Bf1 0-1

[Event "Russian Higher League 2021"]
[Site "?"]
[Date "2021.07.04"]
[Round "8.16"]
[White "Tsvetkov, Andrey"]
[Black "Triapishko, Alexandr"]
[Result "1/2-1/2"]
[WhiteElo "2412"]
[BlackElo "2510"]
[Annotator ""]
[Source ""]
[Remark ""]

1.d4 {[%clk 1:30:58]} d6 {[%clk 1:30:07]} 2.Nf3 {[%clk 1:31:14]}
Nf6 {[%clk 1:30:17]} 3.c4 {[%clk 1:31:36]} g6 {[%clk 1:30:14]}
4.Nc3 {[%clk 1:32:00]} Bf5 {[%clk 1:30:22]} 5.d5 {[%clk 1:31:49]}
Bg7 {[%clk 1:28:10]} 6.Nd4 {[%clk 1:32:08]} Bd7 {[%clk 1:27:42]}
7.e4 {[%clk 1:32:29]} O-O {[%clk 1:25:24]} 8.Be2 {[%clk 1:32:24]}
e6 {[%clk 1:17:34]} 9.O-O {[%clk 1:25:05]} exd5 {[%clk 1:10:00]}
10.exd5 {[%clk 1:23:32]} Re8 {[%clk 1:08:45]} 11.Bg5 {[%clk 1:19:03]}
h6 {[%clk 1:06:23]} 12.Be3 {[%clk 1:18:18]} Ne4 {[%clk 0:46:40]}
13.Nxe4 {[%clk 1:15:58]} Rxe4 {[%clk 0:44:53]} 14.Qd2 {[%clk 1:12:51]}
Kh7 {[%clk 0:39:45]} 15.Rad1 {[%clk 1:08:53]} a5 {[%clk 0:29:47]}
16.b3 {[%clk 1:05:53]} f5 {[%clk 0:17:20]} 17.f3 {[%clk 0:46:29]}
Re8 {[%clk 0:16:11]} 18.Bf2 {[%clk 0:45:57]} Na6 {[%clk 0:14:56]}
19.a3 {[%clk 0:44:52]} Qg5 {[%clk 0:08:46]} 20.Qxg5 {[%clk 0:22:01]}
hxg5 {[%clk 0:09:11]} 21.Bd3 {[%clk 0:22:21]} Nc5 {[%clk 0:07:27]}
22.Bc2 {[%clk 0:22:27]} a4 {[%clk 0:02:58]} 23.b4 {[%clk 0:14:14]}
Nb3 {[%clk 0:03:24]} 24.g3 {[%clk 0:14:33]} f4 {[%clk 0:01:37]}
25.Be4 {[%clk 0:08:02]} fxg3 {[%clk 0:01:09]} 26.hxg3 {[%clk 0:08:23]}
g4 {[%clk 0:01:32]} 27.Kg2 {[%clk 0:07:46]} Bxd4 {[%clk 0:00:56]}
28.Rh1+ {[%clk 0:04:51]} Kg7 {[%clk 0:01:22]} 29.Rxd4 {[%clk 0:04:46]}
Bf5 {[%clk 0:01:48]} 30.Bxf5 {[%clk 0:04:37]} gxf5 {[%clk 0:00:53]}
31.Rf4 {[%clk 0:04:40]} gxf3+ {[%clk 0:01:11]} 32.Kxf3 {[%clk 0:04:15]}
Nd2+ {[%clk 0:00:39]} 33.Kg2 {[%clk 0:04:43]} Kg6 {[%clk 0:00:49]}
34.Rfh4 {[%clk 0:04:45]} Re2 {[%clk 0:00:50]} 35.Rh6+ {[%clk 0:03:59]}
Kg7 {[%clk 0:00:50]} 36.Rh7+ {[%clk 0:03:08]} Kg6 {[%clk 0:01:11]}
37.R7h6+ {[%clk 0:01:49]} Kg7 {[%clk 0:01:36]} 38.Rh7+ {[%clk 0:02:01]}
Kg6 {[%clk 0:01:58]} 39.R1h6+ {[%clk 0:01:21]} Kg5 {[%clk 0:02:24]}
40.Rh5+ {[%clk 0:31:47]} Kg6 {[%clk 0:31:30]} 41.R7h6+ {[%clk 0:11:14]}
Kg7 {[%clk 0:31:45]} 42.Rh7+ {[%clk 0:11:38]} Kg6 {[%clk 0:32:07]} 1/2-1/2

[Event "Russian Higher League 2021"]
[Site "?"]
[Date "2021.07.04"]
[Round "8.17"]
[White "Murzin, Volodar"]
[Black "Samusenko, Maksim"]
[Result "1/2-1/2"]
[WhiteElo "2502"]
[BlackElo "2460"]
[Annotator ""]
[Source ""]
[Remark ""]

1.e4 {[%clk 1:30:58]} c5 {[%clk 1:30:25]} 2.Nf3 {[%clk 1:31:18]}
Nf6 {[%clk 1:30:14]} 3.e5 {[%clk 1:31:36]} Nd5 {[%clk 1:30:32]}
4.Nc3 {[%clk 1:32:01]} e6 {[%clk 1:30:02]} 5.Nxd5 {[%clk 1:32:26]}
exd5 {[%clk 1:30:24]} 6.d4 {[%clk 1:32:52]} Nc6 {[%clk 1:30:20]}
7.dxc5 {[%clk 1:31:50]} Bxc5 {[%clk 1:30:13]} 8.Qxd5 {[%clk 1:30:43]}
d6 {[%clk 1:29:58]} 9.exd6 {[%clk 1:30:45]} Qb6 {[%clk 1:30:00]}
10.Qe4+ {[%clk 1:31:04]} Be6 {[%clk 1:29:26]} 11.Qh4 {[%clk 1:30:51]}
Bxd6 {[%clk 1:28:43]} 12.Bd3 {[%clk 1:19:21]} Nb4 {[%clk 1:27:40]}
13.O-O {[%clk 1:19:07]} Nxd3 {[%clk 1:27:50]} 14.Qa4+ {[%clk 1:18:18]}
Qc6 {[%clk 1:28:14]} 15.Qxc6+ {[%clk 1:18:24]} bxc6 {[%clk 1:28:42]}
16.cxd3 {[%clk 1:18:54]} O-O {[%clk 1:28:55]} 17.Bd2 {[%clk 1:13:31]}
Rfb8 {[%clk 1:23:50]} 18.Bc3 {[%clk 1:10:21]} a5 {[%clk 1:10:08]}
19.a3 {[%clk 1:06:14]} h6 {[%clk 1:03:10]} 20.Rfe1 {[%clk 1:00:54]}
Ra6 {[%clk 0:51:33]} 21.Nd2 {[%clk 0:57:11]} Rd8 {[%clk 0:46:11]}
22.Ne4 {[%clk 0:49:25]} c5 {[%clk 0:37:03]} 23.Re3 {[%clk 0:45:47]}
Bf8 {[%clk 0:35:35]} 24.Rae1 {[%clk 0:41:49]} Kh7 {[%clk 0:28:08]}
25.h3 {[%clk 0:33:00]} a4 {[%clk 0:26:22]} 26.f4 {[%clk 0:29:04]}
Ra7 {[%clk 0:21:19]} 27.g4 {[%clk 0:20:21]} Rad7 {[%clk 0:19:18]}
28.Nf2 {[%clk 0:19:24]} Bb3 {[%clk 0:15:27]} 29.Re8 {[%clk 0:18:31]}
f6 {[%clk 0:14:07]} 30.Rxd8 {[%clk 0:13:13]} Rxd8 {[%clk 0:14:36]}
31.Kf1 {[%clk 0:12:24]} Kg8 {[%clk 0:12:48]} 32.f5 {[%clk 0:06:52]}
Kf7 {[%clk 0:12:42]} 33.Re3 {[%clk 0:06:23]} Be7 {[%clk 0:08:58]}
34.Ba5 {[%clk 0:04:15]} Ra8 {[%clk 0:09:01]} 35.Bc3 {[%clk 0:04:40]}
Rd8 {[%clk 0:09:04]} 36.Ba5 {[%clk 0:04:46]} Ra8 {[%clk 0:06:29]}
37.Bc3 {[%clk 0:05:10]} Rd8 {[%clk 0:03:15]} 1/2-1/2

[Event "Russian Higher League 2021"]
[Site "?"]
[Date "2021.07.04"]
[Round "8.18"]
[White "Dudin, Gleb"]
[Black "Savitskiy, Sergey"]
[Result "1-0"]
[WhiteElo "2439"]
[BlackElo "2437"]
[Annotator ""]
[Source ""]
[Remark ""]

1.d4 {[%clk 1:30:37]} d5 {[%clk 1:30:01]} 2.Nf3 {[%clk 1:30:54]}
Nf6 {[%clk 1:30:18]} 3.c4 {[%clk 1:31:16]} dxc4 {[%clk 1:29:14]}
4.e3 {[%clk 1:31:39]} Bg4 {[%clk 1:29:27]} 5.Bxc4 {[%clk 1:31:51]}
e6 {[%clk 1:29:53]} 6.Nc3 {[%clk 1:32:06]} a6 {[%clk 1:29:13]}
7.h3 {[%clk 1:32:27]} Bh5 {[%clk 1:29:39]} 8.g4 {[%clk 1:31:51]}
Bg6 {[%clk 1:30:03]} 9.Ne5 {[%clk 1:32:11]} Nbd7 {[%clk 1:30:27]}
10.Nxg6 {[%clk 1:32:28]} hxg6 {[%clk 1:30:51]} 11.Bf1 {[%clk 1:32:47]}
c6 {[%clk 1:20:29]} 12.Bg2 {[%clk 1:33:00]} Bd6 {[%clk 1:20:54]}
13.Bd2 {[%clk 1:31:11]} g5 {[%clk 1:16:59]} 14.e4 {[%clk 1:21:04]}
Bf4 {[%clk 1:07:24]} 15.Bxf4 {[%clk 0:53:40]} gxf4 {[%clk 1:07:25]}
16.Qd2 {[%clk 0:54:03]} e5 {[%clk 1:02:20]} 17.O-O-O {[%clk 0:51:52]}
Qc7 {[%clk 0:59:43]} 18.g5 {[%clk 0:44:12]} Nh7 {[%clk 0:58:08]}
19.h4 {[%clk 0:42:12]} exd4 {[%clk 0:53:34]} 20.Ne2 {[%clk 0:36:55]}
Ne5 {[%clk 0:51:44]} 21.Qxd4 {[%clk 0:26:48]} f3 {[%clk 0:14:03]}
22.Bxf3 {[%clk 0:27:01]} Nxf3 {[%clk 0:14:30]} 23.Qc3 {[%clk 0:27:03]}
Ne5 {[%clk 0:14:56]} 24.f4 {[%clk 0:27:17]} Ng6 {[%clk 0:15:10]}
25.Qxg7 {[%clk 0:25:19]} Nhf8 {[%clk 0:15:35]} 26.h5 {[%clk 0:20:35]}
Nxf4 {[%clk 0:15:41]} 27.Qxh8 {[%clk 0:17:36]} Nxe2+ {[%clk 0:16:04]}
28.Kb1 {[%clk 0:18:02]} Nf4 {[%clk 0:08:14]} 29.h6 {[%clk 0:16:29]}
N4g6 {[%clk 0:06:18]} 30.Qg7 {[%clk 0:16:22]} Rd8 {[%clk 0:03:51]}
31.Rdf1 {[%clk 0:15:24]} Rd2 {[%clk 0:00:52]} 32.h7 {[%clk 0:12:54]}
Qd7 {[%clk 0:00:38]} 33.h8Q {[%clk 0:11:18]} Nxh8 {[%clk 0:01:00]}
34.Qe5+ {[%clk 0:11:10]} Qe7 {[%clk 0:00:36]} 35.Qxe7+ {[%clk 0:09:36]}
Kxe7 {[%clk 0:01:02]} 36.Rxh8 {[%clk 0:10:00]} Rg2 {[%clk 0:01:23]}
37.Rg8 {[%clk 0:04:09]} Ne6 {[%clk 0:00:47]} 38.Rb8 {[%clk 0:03:30]}
b5 {[%clk 0:00:38]} 39.Rb7+ {[%clk 0:02:24]} Kd6 {[%clk 0:01:00]}
40.Rbxf7 {[%clk 0:32:04]} Rxg5 {[%clk 0:30:55]} 41.Rd1+ {[%clk 0:29:43]}
Ke5 {[%clk 0:29:41]} 42.Rf5+ {[%clk 0:25:32]} Rxf5 {[%clk 0:27:09]}
43.exf5 {[%clk 0:25:27]} Kxf5 {[%clk 0:27:35]} 44.Rd6 {[%clk 0:25:46]}
c5 {[%clk 0:27:59]} 45.Rxa6 {[%clk 0:26:09]} Ke5 {[%clk 0:28:26]}
46.Kc2 {[%clk 0:25:30]} Kd5 {[%clk 0:28:30]} 47.Ra8 {[%clk 0:25:18]}
Nd4+ {[%clk 0:27:32]} 48.Kd3 {[%clk 0:24:27]} Nc6 {[%clk 0:27:47]}
49.Kd2 {[%clk 0:24:30]} c4 {[%clk 0:26:58]} 50.Rh8 {[%clk 0:23:12]}
Kc5 {[%clk 0:20:41]} 51.Rh5+ {[%clk 0:22:52]} Kb4 {[%clk 0:21:04]}
52.a3+ {[%clk 0:20:32]} Ka4 {[%clk 0:20:06]} 53.Kc3 {[%clk 0:20:49]}
Ka5 {[%clk 0:20:27]} 54.Rg5 {[%clk 0:20:23]} Nb8 {[%clk 0:18:42]}
55.Rg8 {[%clk 0:19:36]} Nc6 {[%clk 0:18:26]} 56.Ra8+ {[%clk 0:19:20]}
Kb6 {[%clk 0:18:50]} 57.a4 {[%clk 0:19:22]} Kc5 {[%clk 0:16:54]}
58.axb5 {[%clk 0:19:43]} Kxb5 {[%clk 0:17:20]} 59.Rh8 {[%clk 0:19:52]}
 1-0

[Event "Russian Higher League 2021"]
[Site "?"]
[Date "2021.07.04"]
[Round "8.19"]
[White "Smirnov, Anton"]
[Black "Belyakov, Bogdan"]
[Result "1/2-1/2"]
[WhiteElo "2154"]
[BlackElo "2465"]
[Annotator ""]
[Source ""]
[Remark ""]

1.d4 {[%clk 1:30:56]} Nf6 {[%clk 1:30:49]} 2.c4 {[%clk 1:31:23]}
g6 {[%clk 1:31:10]} 3.Nc3 {[%clk 1:31:51]} Bg7 {[%clk 1:31:31]}
4.e4 {[%clk 1:32:18]} O-O {[%clk 1:31:52]} 5.Nf3 {[%clk 1:32:46]}
d6 {[%clk 1:32:13]} 6.Be2 {[%clk 1:33:13]} e5 {[%clk 1:32:06]}
7.O-O {[%clk 1:33:39]} Nc6 {[%clk 1:33:01]} 8.d5 {[%clk 1:34:05]}
Ne7 {[%clk 1:33:25]} 9.b4 {[%clk 1:34:32]} Nh5 {[%clk 1:30:08]}
10.g3 {[%clk 1:34:59]} f5 {[%clk 1:30:30]} 11.Ng5 {[%clk 1:35:26]}
Nf6 {[%clk 1:30:25]} 12.f3 {[%clk 1:35:49]} f4 {[%clk 1:21:38]}
13.b5 {[%clk 1:36:13]} fxg3 {[%clk 1:16:22]} 14.hxg3 {[%clk 1:36:33]}
h6 {[%clk 1:16:47]} 15.Ne6 {[%clk 1:37:00]} Bxe6 {[%clk 1:17:13]}
16.dxe6 {[%clk 1:37:26]} Qc8 {[%clk 1:17:37]} 17.Nd5 {[%clk 1:37:53]}
Qxe6 {[%clk 1:17:43]} 18.Nxc7 {[%clk 1:38:19]} Qh3 {[%clk 1:18:06]}
19.Nxa8 {[%clk 1:34:34]} Qxg3+ {[%clk 1:03:44]} 20.Kh1 {[%clk 1:34:24]}
Qh3+ {[%clk 0:25:21]} 21.Kg1 {[%clk 1:34:53]} Qg3+ {[%clk 0:25:39]}
22.Kh1 {[%clk 1:35:19]} Nf5 {[%clk 0:26:03]} 23.exf5 {[%clk 1:30:58]}
Qh3+ {[%clk 0:24:29]} 24.Kg1 {[%clk 1:31:27]} Qg3+ {[%clk 0:24:49]}
25.Kh1 {[%clk 1:31:54]} Qh3+ {[%clk 0:25:10]} 26.Kg1 {[%clk 1:32:22]}
Qg3+ {[%clk 0:25:30]} 27.Kh1 {[%clk 1:32:36]} Qh3+ 1/2-1/2